ស្ថិតិកសិកម្ម 2005 2006Agricultural statistics 2005-2006 (Record no. 9182)

000 -LEADER
fixed length control field 00350nam a22001217a 4500
040 ## - CATALOGING SOURCE
Transcribing agency HS
082 ## - DEWEY DECIMAL CLASSIFICATION NUMBER
Classification number 338
100 ## - MAIN ENTRY--AUTHOR NAME
Personal name នាយកដ្ឋានផែនការ ស្ថិតិ
245 ## - TITLE STATEMENT
Title ស្ថិតិកសិកម្ម 2005 2006Agricultural statistics 2005-2006
260 ## - PUBLICATION, DISTRIBUTION, ETC. (IMPRINT)
Place of publication Cambodia
Name of publisher PSO
Year of publication 2006
300 ## - PHYSICAL DESCRIPTION
Number of Pages 100p;
942 ## - ADDED ENTRY ELEMENTS (KOHA)
Koha item type សៀវភៅភាសាខ្មែរ
952 ## - LOCATION AND ITEM INFORMATION (KOHA)
Withdrawn status [LOCAL, KOHA] 0
952 ## - LOCATION AND ITEM INFORMATION (KOHA)
Withdrawn status [LOCAL, KOHA] 0
Holdings
Permanent Location Date acquired Koha item type Lost status Shelving location Barcode Current Location Full call number
Library Block C2016-08-25សៀវភៅភាសាខ្មែរ C191RUA045538Library Block C338 PSO 2006 C191
Library Block C2016-09-05សៀវភៅភាសាខ្មែរ C063RUA043453Library Block C338 ក្រសួងកសិកម្ម 2006 C63
មជ្ឈមណ្ឌលឯការនៃសាកលវិទ្យាល័យភូមិន្ទកសិកម្មចំការដូង

Powered by Koha